| 000 | 00801nam a2200241 a 4500 | ||
|---|---|---|---|
| 001 | BRCA_6317 | ||
| 005 | 20190320205418.0 | ||
| 008 | 080811s1921----nyuac#####---#000-0#eng-# | ||
| 041 | _aeng | ||
| 044 | _ahyu | ||
| 050 | 4 |
_aF127 _b.N8 D55 _c1921 |
|
| 100 | 1 |
_aDow, Charles M. _d1854-1920. _q(Charles Mason) _915849 |
|
| 245 | 1 | 0 |
_aAnthology and bibliography of Niagara Falls _cby Charles Mason Dow. |
| 260 |
_aAlbany, Nueva York _bJ.B. Lyon _c1921 |
||
| 300 |
_a2 v. _bil. (algunas a color), retratos, mapas _c23 cm. |
||
| 500 | _aIncluye índice alfabético | ||
| 500 | _aK178 | ||
| 651 | 4 |
_aNiágara, Cataratas del _xDescripción _915850 |
|
| 651 | 4 |
_aNiágara, Cataratas del _vBibliografía _915851 |
|
| 651 | 4 |
_aAmérica del Norte _xDescripción y viajes _914860 |
|
| 902 | _aGFM | ||
| 942 |
_2lcc _cB |
||
| 999 |
_c6003 _d6003 |
||